书目信息 |
| 题名: |
清东四公子
|
|
| 作者: | 高扬 著 | |
| 分册: | ||
| 出版信息: | 华夏出版 2008.03 |
|
| 页数: | 225页 | |
| 开本: | 20cm | |
| 丛书名: | ||
| 单 册: | ||
| 中图分类: | I247.5 | |
| 科图分类: | ||
| 主题词: | 小说--中国 | |
| 电子资源: | ||
| ISBN: | 978-7-5080-4550-4 | |
| 000 | 00584nam0 2200229 45 | |
| 001 | 0940448180 | |
| 005 | 20091022111450.23 | |
| 010 | @a978-7-5080-4550-4@dCNY27.00 | |
| 100 | @a20090515d2008 ekmy0 y0120 ea | |
| 102 | @aCN@b130000 | |
| 102 | @aCN@b110000 | |
| 105 | @ay z 000yy | |
| 200 | 1 | @a清东四公子@f高扬著@Fgao yang zhu |
| 210 | @c华夏出版@d2008.03 | |
| 210 | @a北京@c华夏出版社 | |
| 215 | @a225页@d20cm | |
| 606 | 0 | @a小说@x中国 |
| 690 | @aI247.5@v4 | |
| 701 | 0 | @a高扬@Agao yang@4著 |
| 801 | 0 | @aCN@c20091022 |
| 905 | @a10447@dI247.5@eG20217 | |
| 906 | @d27@n3@r1 | |
| 清东四公子/高扬著.-华夏出版,2008.03.-北京:华夏出版社 |
| 225页;20cm |
| ISBN 978-7-5080-4550-4:CNY27.00 |
| ● |
| 相关链接 |
|
|
|
正题名:清东四公子
索取号:I247.5/G20217
 
预约/预借
| 序号 | 登录号 | 条形码 | 馆藏地/架位号 | 状态 | 备注 |
| 1 | 659602 | 206596021 | 文学库108/108文学库 27排11列4层/ [索取号:I247.5/G20217] | 在馆 | |
| 2 | 659603 | 206596030 | 文学库108/108文学库 27排11列5层/ [索取号:I247.5/G20217] | 在馆 | |
| 3 | 659604 | 206596049 | 文学库108/108文学库 27排11列5层/ [索取号:I247.5/G20217] | 在馆 |